LIBRARY & INFORMATION CENTRE, KCAET, TAVANUR

ONLINE PUBLIC ACCESS CATALOGUE (OPAC)

Textbook of engineering chemistry (Record no. 13886)

MARC details
000 -LEADER
fixed length control field 00365nam a22001457a 4500
020 ## - INTERNATIONAL STANDARD BOOK NUMBER
ISBN 9788125921547
082 ## - DEWEY DECIMAL CLASSIFICATION NUMBER
Classification number 540.162
Item number GOP/TE
100 ## - MAIN ENTRY--AUTHOR NAME
Personal name Gopalan,R.
245 ## - TITLE STATEMENT
Title Textbook of engineering chemistry
250 ## - EDITION STATEMENT
Edition statement 3rd
260 ## - PUBLICATION, DISTRIBUTION, ETC. (IMPRINT)
Place of publication New Delhi
Name of publisher Vikas Publishing House Pvt Ltd
Year of publication 2010
700 ## - ADDED ENTRY--PERSONAL NAME
Personal name Venkappayya, D.
700 ## - ADDED ENTRY--PERSONAL NAME
Personal name Sulochana Nagarajan
942 ## - ADDED ENTRY ELEMENTS (KOHA)
Koha item type Books
Holdings
Withdrawn status Lost status Damaged status Collection code Home library Current library Shelving location Date acquired Source of acquisition Cost, normal purchase price Full call number Accession Number Koha item type
      Non-fiction KAUAET KAUAET General Stacks 30/03/2013 Calicut Book Distributors 380.00 540.162 GOP/TE 23709 Books
free website counter